000 00834nam0a2200253 4500
001 RU\NLR\BIBL_A\011982429
005 20250626162910.0
010 _910060
035 _a(NLR Aleph) 011982429
090 _a13422219
_c13422219
100 _a20190406d1951 |||y0rusy50 ca
101 1 _akir
_crus
102 _aKG
105 _ay z 000yy
200 1 _aЭл соту социалисттик менчиктин сакчылыгында
_fС. А. Бордонов
210 _aФрунзе
_cКыргызмамбас
_d1951
215 _a41,[1] c.
_d19
541 1 _aНародный суд на страже социалистической собственности
_zrus
686 1 _aХ629.011
700 1 _aБордонов
_bС. А.
_4070
852 _aNLR
_bОНЛ
_jКирг./2-1204
942 _cBOOK
980 _aNB